| 000 | 00716 a2200193 4500 | ||
|---|---|---|---|
| 003 | Nust | ||
| 005 | 20230327121802.0 | ||
| 010 | _a 73021940 | ||
| 020 | _a0063853558 | ||
| 040 | _cNust | ||
| 082 | 0 | 0 | _a658.4,LUN |
| 100 | 1 |
_aLundgren, Earl F. _9111452 |
|
| 245 | 1 | 0 |
_aOrganizational Management : _bSystems and Process / _cEarl F. Lundgren. |
| 260 |
_aSan Francisco, _bCanfield Press _c[1974] |
||
| 300 |
_axvii, 461 p. _billus. _c24 cm. |
||
| 505 | _aPart 1:- Introduction (Page-2), Part 2:- Decision Theory (Page-82), Part 3:- Management Decision Areas (Page-144), Part 4:- Working with People (Page-252), Part 5:- The Job and the Challenge (Page-364). | ||
| 650 | 0 | _aIndustrial management. | |
| 942 |
_2ddc _cBK |
||
| 999 |
_c176632 _d176632 |
||